000 00360nam a2200145Ia 4500
008 150201s2000 xx 000 0 und d
082 _a612
_bS2000K
100 _aKEELE
245 _aSAMSON WRIGHTS APPLIED PHYSIOLOGY
250 _a13TH
260 _bOXFORD UNIVERSITY PRESS
_aNEW DELHI
_c2000
300 _a1-613
650 _aPHYSIOLOGY
942 _2ddc
_cBK
_01
999 _c2616
_d2616